=LDR 00000nam 2200000 4500 =001 INLIS000000000023098 =005 20130612121804 =008 ***********************************618.45** =035 ##$$0010-061300000023098 =041 ##$$a 618.45 =082 ##$$a 618.45 =090 ##$$a 618.45, Hea.m =100 ##$$a Heardman, Helen =245 ##$$a Melahirkan secara alami (A Way to Natural Childbirth), Helen Heardman ; Alih Bahasa, dr. Petrus Andrianto =260 ##$$a 1987 $b Jakarta =300 ##$$a xi, 138 hlm., 21 cm =650 ##$$a Persalinan =850 ##$$a NBPNMAT